| 000 | 00318nam a2200109Ia 4500 | ||
|---|---|---|---|
| 008 | 230907s9999||||xx |||||||||||||| ||und|| | ||
| 082 |
_a158.3 _bCOR |
||
| 100 |
_aCormier, L. Sherilyn (Louise Sherilyn), _9116187 |
||
| 245 | 0 | _aInterviewing and change strategies for helpers / | |
| 300 | _axiv, 657 pages : | ||
| 942 | _cBK | ||
| 999 |
_c601590 _d601590 |
||